000 00348 a2200157 4500
001 48456
020 _a9788526017207
040 _cAnchieta - Bela Vista
100 _aFrança, Mary
240 1 0 _aCanção do Sabiá
_lpor
245 1 0 _aCanção do Sabiá
300 _a24
362 0 _a2012
650 4 _aLiteratura infanto-juvenil
942 _cBK
999 _c48456
_d48456